| 000 | 00642nam a2200205 u 4500 | ||
|---|---|---|---|
| 005 | 20240228064221.0 | ||
| 008 | 150901s2010 r 000 0 eng d | ||
| 020 | _a97897020XXXXX | ||
| 035 | _aUPN01000205540 | ||
| 049 | _aI | ||
| 050 | 4 |
_aPZ50.58 _bK5.2 |
|
| 100 | 1 |
_aKim, Yeong-ah _938277 |
|
| 245 | 1 | 3 |
_aLa aguja de la bruja / _cYeong-ah Kim ; tr. de Pilar Armida ; il. de Pope Twins. |
| 260 |
_aMéxico : _bCastillo, _c2010. |
||
| 300 |
_a[28] p. : _bil. |
||
| 534 |
_pTítulo original : _tThe Witch's Needlework |
||
| 650 | 4 |
_aLITERATURA INFANTIL COREANA _923129 |
|
| 650 | 4 |
_aLibros y lectura para niños _92290 |
|
| 905 | _aInfantil | ||
| 999 |
_c177641 _d177641 |
||